Consumer behavior: concepts and applications/ (Record no. 1673)
| 000 -LEADER | |
|---|---|
| fixed length control field | 00542nam a22001937a 4500 |
| 003 - CONTROL NUMBER IDENTIFIER | |
| control field | OSt |
| 005 - DATE AND TIME OF LATEST TRANSACTION | |
| control field | 20150423094218.0 |
| 008 - FIXED-LENGTH DATA ELEMENTS--GENERAL INFORMATION | |
| fixed length control field | 150421b xxu||||| |||| 00| 0 eng d |
| 020 ## - INTERNATIONAL STANDARD BOOK NUMBER | |
| International Standard Book Number | 9780070387683 |
| 050 ## - LIBRARY OF CONGRESS CALL NUMBER | |
| Classification number | HF5415.32.L677 1993 |
| 100 ## - MAIN ENTRY--PERSONAL NAME | |
| Personal name | Loudon, David |
| 245 ## - TITLE STATEMENT | |
| Title | Consumer behavior: concepts and applications/ |
| Statement of responsibility, etc | David. L. Loudon & Albert Della Bitta |
| 250 ## - EDITION STATEMENT | |
| Edition statement | 4th edition |
| 260 ## - PUBLICATION, DISTRIBUTION, ETC. (IMPRINT) | |
| Place of publication, distribution, etc | United states |
| Name of publisher, distributor, etc | McGraw hill |
| Date of publication, distribution, etc | 1993 |
| 300 ## - PHYSICAL DESCRIPTION | |
| Extent | v,478p |
| 650 ## - SUBJECT ADDED ENTRY--TOPICAL TERM | |
| Source of heading or term | consumer behavior |
| 700 ## - ADDED ENTRY--PERSONAL NAME | |
| Personal name | Della Bitta, Albert |
| 942 ## - ADDED ENTRY ELEMENTS (KOHA) | |
| Source of classification or shelving scheme | |
| Koha item type | Book |
| Withdrawn status | Lost status | Source of classification or shelving scheme | Damaged status | Not for loan | Home library | Current library | Shelving location | Date acquired | Total Checkouts | Full call number | Barcode | Date last seen | Date checked out | Copy number | Price effective from | Koha item type |
|---|---|---|---|---|---|---|---|---|---|---|---|---|---|---|---|---|
| Riara University Library | Riara University Library | General stack | 21/04/2015 | 1 | HF5415.32.L677 1993 | 5716/15 | 22/04/2015 | 22/04/2015 | C.1 | 21/04/2015 | Book |
